Lịch sử Việt Nam
Tập sách "Lịch sử Việt Nam" này cũng là một giáo trình, được biên soạn để giảng dạy cho chương trình đại cương ở Đại học. Sách cung cấp cho người đọc và các bạn sinh viên một cái nhìn tổng quan, cơ bản, hệ thống và toàn diện về...
Αποθηκεύτηκε σε:
| Κύριος συγγραφέας: | |
|---|---|
| Μορφή: | Βιβλίο |
| Γλώσσα: | Undetermined |
| Έκδοση: |
Huế
Thuận hóa
2008
|
| Θέματα: | |
| Ετικέτες: |
Προσθήκη ετικέτας
Δεν υπάρχουν, Καταχωρήστε ετικέτα πρώτοι!
|
| Thư viện lưu trữ: | Trung tâm Học liệu Trường Đại học Cần Thơ |
|---|
| LEADER | 00994nam a2200217Ia 4500 | ||
|---|---|---|---|
| 001 | CTU_135309 | ||
| 008 | 210402s9999 xx 000 0 und d | ||
| 020 | |c 125000 | ||
| 082 | |a 959.7 | ||
| 082 | |b B100 | ||
| 100 | |a Huỳnh, Công Bá | ||
| 245 | 0 | |a Lịch sử Việt Nam | |
| 245 | 0 | |c Huỳnh Công Bá | |
| 260 | |a Huế | ||
| 260 | |b Thuận hóa | ||
| 260 | |c 2008 | ||
| 520 | |a Tập sách "Lịch sử Việt Nam" này cũng là một giáo trình, được biên soạn để giảng dạy cho chương trình đại cương ở Đại học. Sách cung cấp cho người đọc và các bạn sinh viên một cái nhìn tổng quan, cơ bản, hệ thống và toàn diện về tiến trình lịch sử Việt Nam từ nguồn gốc đến hiện tại. | ||
| 650 | |a Việt Nam | ||
| 650 | |x Lịch sử | ||
| 904 | |i Giang | ||
| 980 | |a Trung tâm Học liệu Trường Đại học Cần Thơ | ||